Datum a čas kvízu
33.5
Celkem bodů
Celkový počet nahraných bodů na tomto kvízu bez doplňovacích otázek.
2.
Pořadí na kvízu
Konečné umístění týmu na tomto kvízu.
Zaznamenané odpovědi
| # | Otázka | Odpověď | Body | Výsledky |
|---|---|---|---|---|
| 1. | Jiří Langmajer, Zdislava Pokor... | Hejt není názor | 0 | |
| 2. | V ugandském národním parku Kib... | šimpanz | 0 | |
| 3. | V sobotu se na pražském Výstav... | Mňága a Žďorp | 1 | |
| 4. | Americký deník The New York Ti... | bitcoin | 1 | |
| 5. | Ze soboty na neděli se v Miami... | Carlos Ulberg | 0 | |
| 6. | Vaším prvním úkolem v dnešním... | 1D 2A 3C 4B | 1 | |
| 7. | Poznejte gangsterku dle stručn... | Dannyho parťáci (Ocean's Eleven) | 0 | |
| 8. | Bud Spencer a Terence Hill spo... | v Itálii | 1 | |
| 9. | Gangster, na kterého se ptáme,... | Jabba Hutt | 1 | |
| 10. | Uveďte jméno i příjmení postav... | John Wick | 0 |